LIBRARY & INFORMATION CENTRE, KCAET, TAVANUR

ONLINE PUBLIC ACCESS CATALOGUE (OPAC)

Introduction to Ground - Water Tracers (Record no. 19422)

MARC details
000 -LEADER
fixed length control field 00578nam a22002177a 4500
003 - CONTROL NUMBER IDENTIFIER
control field OSt
008 - FIXED-LENGTH DATA ELEMENTS--GENERAL INFORMATION
fixed length control field 250220b |||||||| |||| 00| 0 eng d
020 ## - INTERNATIONAL STANDARD BOOK NUMBER
ISBN 81-85046-92-1
041 ## - LANGUAGE CODE
Language code of text/sound track or separate title eng
082 ## - DEWEY DECIMAL CLASSIFICATION NUMBER
Classification number 551.49
Item number DAV/IN
100 ## - MAIN ENTRY--AUTHOR NAME
Personal name Davis, Stanley N
245 ## - TITLE STATEMENT
Title Introduction to Ground - Water Tracers
250 ## - EDITION STATEMENT
Edition statement 1st Reprint
260 ## - PUBLICATION, DISTRIBUTION, ETC. (IMPRINT)
Place of publication Jodhpur:
Name of publisher Scientific Publishers,
Year of publication 1990.
300 ## - PHYSICAL DESCRIPTION
Number of Pages 214p.
650 ## - SUBJECT ADDED ENTRY--TOPICAL TERM
Topical Term Ground Water
700 ## - ADDED ENTRY--PERSONAL NAME
Personal name Camphell, Darcy J
700 ## - ADDED ENTRY--PERSONAL NAME
Personal name Bently, Harold W
700 ## - ADDED ENTRY--PERSONAL NAME
Personal name Flynn, Timothy J
942 ## - ADDED ENTRY ELEMENTS (KOHA)
Koha item type Books
Holdings
Withdrawn status Lost status Damaged status Home library Current library Date acquired Source of acquisition Cost, normal purchase price Full call number Accession Number Koha item type
      KAUAET KAUAET 20/02/2025 Current Books, Thrissur 200.00 551.49 DAV/IN 20371 Books
free website counter